Comentario del evangelio

Na minha lista:
Detalhes bibliográficos
Autor principal: Lanza del Vasto, Giuseppe (Author)
Formato: Livro
Idioma:espanhol
Publicado em: Buenos Aires Sur 1955
Assuntos:
Tags: Adicionar Tag
Sem tags, seja o primeiro a adicionar uma tag!

MARC

LEADER 00000nam a2200000 a 4500
001 UCX7275
003 CL-VaPUC
008 931202e19550000AG |||||||||||||||||spa|d
082 0 4 |a 225.6  |b LAN  |2 21 
100 |a Lanza del Vasto, Giuseppe   |e author  |9 324084 
245 1 0 |a Comentario del evangelio 
300 |a 412 p 
942 |c BK 
945 |d 19931202 00:00:00  |a mfernand 
260 |a Buenos Aires  |b Sur  |c 1955 
600 0 |a Jesús  |9 313614 
650 0 |a Biblia  |9 257603 
650 7 |a CRITICA, INTERPRETACION, ETC  |2 CL-VaPUC  |9 316300 
583 |a last modification  |c 20170628 12:00:02  |k Rodrigo Vera 
999 |c 227136  |d 227134 
952 |0 0  |1 0  |4 0  |6 225_600000000000000_LAN_1955  |7 0  |8 P  |9 225945  |a BIBEDU  |b BIBEDU  |d 2019-11-15  |i 2952769  |o 225.6 LAN 1955  |p 2952769  |r 2019-11-15  |w 2019-11-15  |y BK  |k LIT